Islands of Indonesia on a Map - Statistics

General Stats
  • This quiz has been taken 35 times
  • The average score is 12 of 72
Answers on the Map
Answers color-coded by a green-red scale on the quiz's map according to % correct below.
 
Answer Stats
Island % Correct
Java
100%
Sumatra
100%
Bali
96%
Borneo
96%
New Guinea
92%
Sulawesi
92%
Timor
88%
Lombok
52%
Flores
48%
Madura
40%
Nias
32%
Sumba
28%
Bangka
24%
Halmahera
24%
Sumbawa
24%
Seram
16%
Belitung
12%
Buru
12%
Buton
12%
Yos Sudarso
12%
Ambon
8%
Kobroor
8%
Laut
8%
Padang
8%
Rangsang
8%
Tebing Tinggi
8%
Yamdena
8%
Adonara
4%
Alor
4%
Bacan
4%
Bengkalis
4%
Biak
4%
Bintan
4%
Bunguran
4%
Kabaena
4%
Kai Besar
4%
Karakelang
4%
Komoran
4%
Lembata
4%
Lingga
4%
Mangole
4%
Misool
4%
Morotai
4%
Muna
4%
Obi
4%
Pagai Selatan
4%
Pagai Utara
4%
Pantar
4%
Peleng
4%
Rote
4%
Rupat
4%
Salawati
4%
Sangir
4%
Selayar
4%
Siberut
4%
Simeulue
4%
Singkep
4%
Sipura
4%
Supiori
4%
Taliabu
4%
Trangan
4%
Waigeo
4%
Wawonii
4%
Wetar
4%
Wokam
4%
Yapen
4%
Babar
0%
Kasiruta
0%
Maya
0%
Padangtikar
0%
Samosir
0%
Sanana
0%
No matching quizzes found
Score Distribution
Percent of People with Each Score
Percentile by Number Answered
Your Score History
You have not taken this quiz